Héctor Olivera /

Algunas de las películas más exitosas y discutidas de las últimas décadas fueron dirigidas por Héctor Olivera, cuya vasta experiencia en el mundo del cine provenía del campo de la producción. Socio de Fernando Ayala en un sello prestigioso y popular, al incursionar en la realización Olivera no se ci...

Descripción completa

Guardado en:
Autor Principal: Landini, Carlos.
Formato: Libro
Idioma:Undetermined
Publicado: Buenos Aires : Centro Editor de América Latina, 1993.
Series:Los directores del cine argentino ; 8
Materias:
Etiquetas: Agregar Etiqueta
Sin Etiquetas, Sea el primero en etiquetar este registro!
LEADER 01566nam a22002415a 4500
001 CEM.cems024748
008 250701s1993####ag############000#0#und#d
005 20250701145447.0
245 1 0 |a Héctor Olivera /  |c Carlos Landini. 
260 |a Buenos Aires :  |b Centro Editor de América Latina,  |c 1993. 
300 |a 63 p. 
490 1 |a Los directores del cine argentino ;  |v 8 
500 |a Con el auspicio del Instituto Nacional de Cinematografía. 
500 |a Incluye filmografía y premios. 
520 |a Algunas de las películas más exitosas y discutidas de las últimas décadas fueron dirigidas por Héctor Olivera, cuya vasta experiencia en el mundo del cine provenía del campo de la producción. Socio de Fernando Ayala en un sello prestigioso y popular, al incursionar en la realización Olivera no se ciñó a un determinado género. Para el gran público su nombre ha sido el espejo de un cine íntimamente ligado a la crisis argentina actual o del pasado. La historia "novelada" junto a la validez del testimonio avalan esta búsqueda. Carlos Landini, periodista que se ha especializado en la investigación del pasado y el presente cinematográfico nacional, indaga en la obra de Olivera aspectos tan diversos como el cine-espectáculo, la crónica, la denuncia y la censura. 
020 |a 9502531590 
100 1 |a Landini, Carlos. 
653 |a Cine argentino 
653 |a Cine 
653 |a Historia del cine argentino 
653 |a Cine argentino-Historia 
653 |a Cinematografía 
859 |a CEMS  |b BIB. CEMS - 11 de abril  |h 778.50982  |i L257  |p 29936.25  |t Ej.1